<?xml version="1.0" encoding="UTF-8"?>
<record
    xmlns:xsi="http://www.w3.org/2001/XMLSchema-instance"
    xsi:schemaLocation="http://www.loc.gov/MARC21/slim http://www.loc.gov/standards/marcxml/schema/MARC21slim.xsd"
    xmlns="http://www.loc.gov/MARC21/slim">

  <leader>03288nam a2200289Ia 4500</leader>
  <controlfield tag="003">OSt</controlfield>
  <controlfield tag="005">20210723225422.0</controlfield>
  <controlfield tag="008">210310s2005    ck     gr     000 0dspa d</controlfield>
  <datafield tag="020" ind1=" " ind2=" ">
    <subfield code="a">9586703878</subfield>
  </datafield>
  <datafield tag="040" ind1=" " ind2=" ">
    <subfield code="a">CO-JMCR</subfield>
    <subfield code="c">CO-JMCR</subfield>
  </datafield>
  <datafield tag="041" ind1="0" ind2=" ">
    <subfield code="a">spa</subfield>
  </datafield>
  <datafield tag="082" ind1="0" ind2="4">
    <subfield code="a">363.582 / </subfield>
    <subfield code="b">M792e</subfield>
    <subfield code="2">23</subfield>
  </datafield>
  <datafield tag="100" ind1="1" ind2=" ">
    <subfield code="a">Montilla Galvis, Omar de Jes&#xFA;s, </subfield>
    <subfield code="9">16591</subfield>
    <subfield code="e">autor</subfield>
  </datafield>
  <datafield tag="245" ind1="1" ind2="0">
    <subfield code="a">Evoluci&#xF3;n e impacto de la financiaci&#xF3;n de vivienda en Iberoam&#xE9;rica : </subfield>
    <subfield code="b">experiencias de Argentina, Brasil, Colombia, Espa&#xF1;a, M&#xE9;xico y Venezuela / </subfield>
    <subfield code="c">Omar de Jes&#xFA;s Montilla Galvis, Emiliano Garc&#xED;a Cuervo, Federico G. Favacho dos Santos C. [y otros 4]</subfield>
  </datafield>
  <datafield tag="250" ind1=" " ind2=" ">
    <subfield code="a">Primera edici&#xF3;n</subfield>
  </datafield>
  <datafield tag="260" ind1=" " ind2=" ">
    <subfield code="a">Cali : </subfield>
    <subfield code="b">Universidad del Valle, </subfield>
    <subfield code="c">2005</subfield>
  </datafield>
  <datafield tag="300" ind1=" " ind2=" ">
    <subfield code="a">298 p&#xE1;ginas ; </subfield>
    <subfield code="c">24 cm.</subfield>
  </datafield>
  <datafield tag="500" ind1=" " ind2=" ">
    <subfield code="a">Incluye notas a pie de p&#xE1;gina y datos biogr&#xE1;ficos de los autores.</subfield>
  </datafield>
  <datafield tag="504" ind1=" " ind2=" ">
    <subfield code="a">Bibliograf&#xED;a al final de algunos cap&#xED;tulos. </subfield>
  </datafield>
  <datafield tag="505" ind1="0" ind2=" ">
    <subfield code="a">Evoluci&#xF3;n hist&#xF3;rica de la vivienda y su financiaci&#xF3;n en Iberoam&#xE9;rica -- Evoluci&#xF3;n e impacto de la financiaci&#xF3;n de vivienda en Argentina -- Evoluci&#xF3;n e impacto de la financiaci&#xF3;n de vivienda en Brasil -- Evoluci&#xF3;n e impacto de la financiaci&#xF3;n de vivienda en Colombia -- Evoluci&#xF3;n e impacto de la financiaci&#xF3;n de vivienda en Espa&#xF1;a -- Evoluci&#xF3;n e impacto de la financiaci&#xF3;n de vivienda en M&#xE9;xico</subfield>
  </datafield>
  <datafield tag="520" ind1=" " ind2=" ">
    <subfield code="a">El presente libro es el producto de una investigaci&#xF3;n que cont&#xF3; con el apoyo, de la Universidad del Valle por
intermedio de su Grupo de Investigaci&#xF3;n Participaci&#xF3;n Ciudadana y Desarrollo de Mecanismos contra la
Corrupci&#xF3;n y de Ausbane Internacional, en la que participaron distinguidos profesionales vinculados a estas instituciones, en cada uno de los pa&#xED;ses, que se hicieron participes en esta primera fase del proyecto, el que se denomin&#xE9;. Evoluci&#xF3;n e impacto de la financiaci&#xF3;n de vivienda en Iberoam&#xE9;rica. El libro consta de siete cap&#xED;tulos, se inicia con el cap&#xED;tulo que trata los elementos generales de la evoluci&#xF3;n de la vivienda, desde
tiempos anteriores a la conquista del continente americano, el c&#xF3;mo evoluciona en algunos pa&#xED;ses despu&#xE9;s de la conquista, hasta llegar a la vivienda moderna y sus caracter&#xED;sticas, sin dejar de lado la problem&#xE1;tica que con el transcurrir del tiempo este fen&#xF3;meno ha presentado en la definici&#xF3;n de las pol&#xED;ticas p&#xFA;blicas de cada uno de estos pa&#xED;ses, destacando la importancia de la creaci&#xF3;n de una nueva cultura de participaci&#xF3;n ciudadana, donde efectivamente el ciudadano tenga acceso a participar en la formulaci&#xF3;n, ejecuci&#xF3;n, seguimiento y evaluaci&#xF3;n de las pol&#xED;ticas p&#xFA;blicas. 
En los restantes seis cap&#xED;tulos se analiza la problem&#xE1;tica de la
evoluci&#xF3;n e impacto de la financiaci&#xF3;n de vivienda en cada uno de
los siguientes pa&#xED;ses: Argentina, Brasil, Colombia, Espa&#xF1;a, M&#xE9;xico
y Venezuela, presentando un capitulo por pa&#xED;s, donde se ahonda en
los problemas de la vivienda en forma especifica en cada uno de
ellos, lo que permite adelantar estudios comparativos en
Iberoam&#xE9;rica, en principio y despu&#xE9;s en otras latitudes.
</subfield>
  </datafield>
  <datafield tag="650" ind1="1" ind2="4">
    <subfield code="a">Vivienda</subfield>
    <subfield code="9">16593</subfield>
    <subfield code="x">Aspectos econ&#xF3;micos</subfield>
  </datafield>
  <datafield tag="650" ind1="2" ind2="4">
    <subfield code="a">Vivienda</subfield>
    <subfield code="x">Financiaci&#xF3;n</subfield>
    <subfield code="9">38683</subfield>
  </datafield>
  <datafield tag="700" ind1="1" ind2=" ">
    <subfield code="a">Garc&#xED;a Cuervo, Emiliano, </subfield>
    <subfield code="e">autor</subfield>
    <subfield code="9">38684</subfield>
  </datafield>
  <datafield tag="700" ind1="1" ind2=" ">
    <subfield code="a">Favacho dos Santos C, Federico G., </subfield>
    <subfield code="e">autor</subfield>
    <subfield code="9">38685</subfield>
  </datafield>
  <datafield tag="942" ind1=" " ind2=" ">
    <subfield code="2">ddc</subfield>
    <subfield code="c">BK</subfield>
  </datafield>
  <datafield tag="999" ind1=" " ind2=" ">
    <subfield code="c">8194</subfield>
    <subfield code="d">8194</subfield>
  </datafield>
  <datafield tag="952" ind1=" " ind2=" ">
    <subfield code="0">0</subfield>
    <subfield code="1">0</subfield>
    <subfield code="2">ddc</subfield>
    <subfield code="4">0</subfield>
    <subfield code="7">0</subfield>
    <subfield code="8">NFIC</subfield>
    <subfield code="a">CPL</subfield>
    <subfield code="b">CPL</subfield>
    <subfield code="d">2018-04-15</subfield>
    <subfield code="e">Donaci&#xF3;n</subfield>
    <subfield code="o">363.582 /  M792e</subfield>
    <subfield code="p">430001433</subfield>
    <subfield code="r">2024-05-16 00:00:00</subfield>
    <subfield code="t">Ej.1</subfield>
    <subfield code="y">BK</subfield>
  </datafield>
  <datafield tag="952" ind1=" " ind2=" ">
    <subfield code="0">0</subfield>
    <subfield code="1">0</subfield>
    <subfield code="2">ddc</subfield>
    <subfield code="4">0</subfield>
    <subfield code="7">0</subfield>
    <subfield code="8">NFIC</subfield>
    <subfield code="a">CPL</subfield>
    <subfield code="b">CPL</subfield>
    <subfield code="d">2018-04-15</subfield>
    <subfield code="e">Donaci&#xF3;n</subfield>
    <subfield code="l">0</subfield>
    <subfield code="o">363.582 / M792e</subfield>
    <subfield code="p">201808674</subfield>
    <subfield code="r">2024-05-16 00:00:00</subfield>
    <subfield code="t">Ej.2</subfield>
    <subfield code="w">2022-03-16</subfield>
    <subfield code="y">BK</subfield>
  </datafield>
</record>
